Kraje w Azji zarażone koronowirusem - Statystyki

Ogólne statystyki
  • Ten quiz został rozwiązany 56 razy
  • Średni wynik to 19 z 30
Statystyki odpowiedzi
Liczba Zarażonych Kraj % Poprawnych
80 tys Chiny
100%
274 Japonia
100%
6 Indie
89%
4,33 tys Korea Południowa
89%
2 Indonezja
79%
16 Wietnam
77%
1,50 tys Iran
72%
1 Arabia Saudyjska
70%
26 Irak
70%
4 Pakistan
70%
43 Tajlandia
70%
6 Oman
66%
10 Izrael
64%
1 Afganistan
62%
3 Filipiny
62%
1 Kambodża
62%
41 Tajwan
62%
1 Nepal
58%
1 Jordania
55%
108 Singapur
55%
3 Gruzja
53%
29 Malezja
53%
1 Sri Lanka
53%
7 Katar
51%
54 Kuwejt
51%
49 Bahrajn
49%
3 Azerbejdżan
47%
1 Armenia
45%
21 Zjednoczone Emiraty
45%
13 Liban
38%
Nie znaleziono quizów pasujących do podanych kryteriów
Rozkład punktacji
Procent ludzi z każdym wynikiem
Percentyl według liczby udzielonych odpowiedzi
Twoja historia wyników
Nie rozwiązałeś tego quizu